000 00383nam a2200157Ia 4500
008 240729s9999 xx 000 0 und d
022 _a2673-4389
245 0 _aLivers
260 _aSwitzerland
260 _bMDPI AG
650 _a Medicine (General)
650 _aMedicine
856 _uhttps://doaj.org/toc/9e3389275c664659a74af343b9ba0898
942 _2ddc
942 _cDOAJEJ
999 _c71979
_d71979
945 _a1
_bMadushi Gamage
_c1
_dMadushi Gamage